000 00829nas a2200265 4500
001 BR0905736
003 BR-BrBNA
005 20231205113733.0
007 ta
008 230509b bl.|||p| |||| 00| 00por d
040 _aBR-BrBNA
_bpor
_cBiblioteca Nacional de Agricultura
041 _a(Pt)
072 _aF01; F63
100 1 _aCarvalho, A.C.P.P. de
100 1 _aPinheiro, M.V.M.
100 1 _aDias, G. de M.G.
100 1 _aMorais, J.P.S.
245 1 _aMultiplicação in vitro de abacaxi ornamental por estiolamento e regeneração de brotações
650 _aABACAXI
650 _aFLORICULTURA
650 _aMICROPROPAGAÇÃO
773 0 _tHorticultura Brasileira (Brazil)
_xISSN 0102-0536
_g(Jan-Mar 2009), v. 27(1) p. 103-108
_wBR0905736
909 _a202311
_bLúcia
_c55
_dLúcia Elande
942 _2AGRIS
_n0
_cANA
999 _c205329
_d205329